| 000 | 00741nam a2200169 a 4500 | ||
|---|---|---|---|
| 008 | 220225s2019 ||||||||||||||||| || u | ||
| 050 | _a CBU-PG THESIS/MWA | ||
| 100 | _aMwandu, Louis | ||
| 245 | 1 | 0 |
_aAnalysis of Teacher use of Biology Textbooks in relation to the Learning outcomes of Biology (5090) Syllabus Grade 10 to 12 level _cBy Mwandu Louis |
| 260 |
_aKitwe _bCopperbelt University _c2019 |
||
| 300 | _avii,133 Pages :illustrations | ||
| 650 | _aTEACHER USE OF BIOLOGY TEXTBOOKS | ||
| 650 | _aLEARNING - BIOLOGY | ||
| 650 | _aLEARNING OUTCOMES OF BIOLOGY | ||
| 650 | _aBIOLOGY SYLLABUS | ||
| 995 |
_FCBU-MAIN LIBRARY (Kitwe) _M1 _UAVAILABLE _WOct 17, 2022 _ZUniversity Collection |
||
| 999 |
_c34295 _d34295 |
||